[Event "ICS Rated standard match"]
[Site "204.178.125.65"]
[Date "2000.06.28"]
[Round "?"]
[White "Amateur"]
[Black "Hossa"]
[Result "1-0"]
[WhiteElo "2356"]
[BlackElo "2236"]
[PlyCount "137"]
[EventDate "2000.??.??"]

1. e4 d5 2. exd5 Nf6 3. d4 Bg4 4. f3 Bf5 5. Bb5+ Nbd7 6. c4 e6 7. dxe6 Bxe6 8.
d5 Bf5 9. Nc3 a6 10. Ba4 Qe7+ 11. Nge2 O-O-O 12. Bxd7+ Nxd7 13. O-O Ne5 14. Qd4
Re8 15. b3 Bd3 16. Rf2 Qc5 17. Be3 Qxd4 18. Bxd4 Ng6 19. c5 f6 20. Rd1 Bc2 21.
Rd2 Bf5 22. Rf1 Ne5 23. c6 Bb4 24. cxb7+ Kxb7 25. Rc1 Ba3 26. Rcd1 Re7 27. Ng3
Bg6 28. Nce4 Nd7 29. b4 Ree8 30. Rb1 f5 31. Nc5+ Nxc5 32. bxc5+ Kc8 33. Ne2 a5
34. Rb5 Bb4 35. Rb2 Ba3 36. R2b3 Bb4 37. Nf4 Re1+ 38. Kf2 Rc1 39. a3 Rc2+ 40.
Kg3 Be1+ 41. Kh3 Kd7 42. c6+ Kd6 43. Re3 Re8 44. Nxg6 Rxe3 45. Bxe3 hxg6 46.
Bf4+ Ke7 47. Bxc7 Bd2 48. d6+ Kf7 49. d7 Bg5 50. Bf4 Bd8 51. Rb8 Rxc6 52. Rxd8
Ke6 53. Rc8 Kxd7 54. Rxc6 Kxc6 55. Kh4 Kd7 56. Kg5 Ke7 57. Kxg6 Kf8 58. a4 Kg8
59. Be5 Kf8 60. Bxg7+ Kg8 61. h4 f4 62. Bh6 Kh8 63. Bg5 Kg8 64. Be7 Kh8 65. h5
Kg8 66. h6 Kh8 67. Bf6+ Kg8 68. h7+ Kf8 69. h8=Q# {Hossa checkmated} 1-0

[Event "ICS Rated standard match"]
[Site "204.178.125.65"]
[Date "2000.06.28"]
[Round "?"]
[White "Hossa"]
[Black "Amateur"]
[Result "1-0"]
[WhiteElo "2225"]
[BlackElo "2367"]
[PlyCount "87"]
[EventDate "2000.??.??"]

1. e4 c5 2. f4 e5 3. Bc4 exf4 4. Nf3 Nc6 5. O-O Na5 6. Be2 Nf6 7. Nc3 c4 8. d4
cxd3 9. cxd3 Qb6+ 10. d4 Bb4 11. Bxf4 Bxc3 12. bxc3 Nxe4 13. Bd3 d5 14. Qe2 f5
15. Rab1 Qe6 16. Bxe4 fxe4 17. Ng5 Qc6 18. Be5 Rg8 19. Nxh7 Qg6 20. Qb5+ Nc6
21. Qxd5 Qe6 22. Qxe4 Nxe5 23. dxe5 Qc6 24. Qb4 Qb6+ 25. Qd4 Qg6 26. Rbd1 Qb6
27. Ng5 Rh8 28. Rf2 Qxd4 29. cxd4 Bg4 30. Rdf1 Rg8 31. Nf7 b6 32. d5 Bh5 33.
Nd6+ Kd8 34. Rf8+ Rxf8 35. Rxf8+ Ke7 36. Rxa8 Bg6 37. Rg8 Bd3 38. Rxg7+ Kf8 39.
Rxa7 Kg8 40. Rb7 Ba6 41. Rxb6 Bd3 42. Rb3 Bc2 43. e6 Bxb3 44. axb3 {
Amateur resigns} 1-0

[Event "ICS Rated standard match"]
[Site "204.178.125.65"]
[Date "2000.06.28"]
[Round "?"]
[White "QueenMaxima"]
[Black "Hossa"]
[Result "1-0"]
[WhiteElo "2348"]
[BlackElo "2247"]
[PlyCount "95"]
[EventDate "2000.??.??"]

1. e4 e5 2. Nf3 Nc6 3. Bb5 Bc5 4. O-O Nf6 5. Nxe5 Nxe5 6. d4 Qe7 7. dxc5 Qxc5
8. Nc3 O-O 9. Be3 Qb4 10. Qd4 Qe7 11. Bg5 c6 12. f4 Neg4 13. Be2 c5 14. Qd3 h6
15. Bh4 g5 16. fxg5 hxg5 17. Bxg5 Qe5 18. Bf4 Qe6 19. Nd5 c4 20. Nxf6+ Qxf6 21.
Qg3 d5 22. Bxg4 Bxg4 23. Qxg4+ Qg6 24. Qxg6+ fxg6 25. exd5 Rf5 26. d6 Raf8 27.
Rae1 Rxf4 28. Rxf4 Rxf4 29. Re8+ Kf7 30. d7 Rd4 31. d8=Q Rxd8 32. Rxd8 Ke6 33.
Ra8 a6 34. Ra7 g5 35. Rxb7 Kd6 36. Rg7 g4 37. Rxg4 Kd5 38. h4 c3 39. bxc3 Kc6
40. h5 Kd7 41. h6 Ke6 42. Rg3 Kf5 43. h7 Kf6 44. h8=Q+ Kf5 45. Qh5+ Kf6 46.
Rg6+ Ke7 47. Qh7+ Ke8 48. Rg8# {Hossa checkmated} 1-0

[Event "ICS rated bullet match"]
[Site "204.178.125.65"]
[Date "2000.06.28"]
[Round "?"]
[White "Ziga"]
[Black "Hossa"]
[Result "0-1"]
[WhiteElo "1188"]
[BlackElo "2515"]
[PlyCount "46"]
[EventDate "2000.??.??"]

1. Nf3 d5 2. c3 Nf6 3. e3 Nc6 4. d3 e5 5. Nbd2 Be7 6. Nb3 O-O 7. Bd2 e4 8. dxe4
dxe4 9. Nfd4 Ne5 10. g3 Bg4 11. Be2 Nd3+ 12. Bxd3 Bxd1 13. Rxd1 exd3 14. Nc1
Qd5 15. Nxd3 Qxh1+ 16. Ke2 Qxh2 17. Bc1 Ne4 18. Nf3 Nxg3+ 19. Kd2 Ne4+ 20. Kc2
Qg2 21. Kb1 Qxf3 22. Ne1 Qxd1 23. Ka1 Qxc1# {Ziga checkmated} 0-1

[Event "ICS rated standard match"]
[Site "204.178.125.65"]
[Date "2000.06.28"]
[Round "?"]
[White "Hossa"]
[Black "QueenMaxima"]
[Result "0-1"]
[WhiteElo "2236"]
[BlackElo "2359"]
[PlyCount "184"]
[EventDate "2000.??.??"]

1. e4 e5 2. Nc3 Nf6 3. f4 d5 4. fxe5 Nxe4 5. Qf3 Nc6 6. Bb5 Bc5 7. Nxe4 dxe4 8.
Qxe4 Bd7 9. e6 fxe6 10. Bxc6 Bxc6 11. Qxe6+ Qe7 12. Qxe7+ Bxe7 13. Nf3 O-O 14.
O-O Rae8 15. d4 Bd6 16. c4 Bxf3 17. gxf3 Re2 18. f4 Re4 19. c5 Be7 20. Kg2 Rd8
21. b3 Rdxd4 22. c6 bxc6 23. Kf3 Re6 24. Rb1 Bf6 25. Kf2 Rd3 26. Kg2 Bd4 27.
Rf3 Rd1 28. Be3 Rxb1 29. Bxd4 Re2+ 30. Rf2 Rxf2+ 31. Kxf2 a6 32. Be5 Rc1 33.
Kg3 Rc2 34. Bxc7 Rxa2 35. b4 Kf7 36. h3 Ke6 37. Bb6 Kf5 38. Bc7 Ra3+ 39. Kh2
Rb3 40. Bd6 Rd3 41. Bf8 g6 42. Kg2 Kxf4 43. Bh6+ Kf5 44. Bf8 Rd4 45. Kg3 Rc4
46. Bd6 Ke6 47. Bf8 Kd5 48. Be7 Re4 49. Bf8 h5 50. Kf3 Rh4 51. Kg3 Rc4 52. Kg2
Rf4 53. Be7 Re4 54. Bf8 g5 55. Kg3 g4 56. hxg4 Rxg4+ 57. Kf3 Rc4 58. Be7 Ke6
59. Bf8 Ke5 60. Be7 Kd5 61. Kg3 Ke6 62. Bf8 Rg4+ 63. Kf3 Kd7 64. Bc5 Rc4 65.
Bf8 Rc3+ 66. Ke2 h4 67. Kf2 Rc2+ 68. Kg1 Ke6 69. Kh1 h3 70. Bh6 Re2 71. Bg7 Kd5
72. Bf8 Kc4 73. Bd6 Rd2 74. Be7 Rf2 75. Kg1 Re2 76. Bf8 Rg2+ 77. Kh1 Rb2 78.
Be7 Rxb4 79. Kh2 Rb3 80. Bd8 c5 81. Bf6 Kd5 82. Bg5 c4 83. Bf4 c3 84. Kxh3 Ke4
85. Bc1 Rb1 86. Bg5 Kf3 87. Bc1 Rxc1 88. Kh4 Rg1 89. Kh5 c2 90. Kh6 c1=Q+ 91.
Kh7 Qc7+ 92. Kh6 Qh2# {Hossa checkmated} 0-1

[Event "ICS Rated standard match"]
[Site "204.178.125.65"]
[Date "2000.06.28"]
[Round "?"]
[White "Hossa"]
[Black "Amateur"]
[Result "1/2-1/2"]
[WhiteElo "2225"]
[BlackElo "2353"]
[PlyCount "184"]
[EventDate "2000.??.??"]

1. d4 Nf6 2. c3 d5 3. e3 e6 4. Bd3 Bd6 5. Nf3 Nc6 6. Nbd2 e5 7. dxe5 Nxe5 8.
Nxe5 Bxe5 9. Nf3 Bd6 10. O-O O-O 11. c4 dxc4 12. Bxc4 Bf5 13. Nd4 Bd7 14. Qc2
c6 15. Nf5 Bxf5 16. Qxf5 Qc7 17. g3 Rad8 18. Qc2 Qd7 19. Rd1 Rfe8 20. Bd2 Qg4
21. Ba5 b6 22. Be2 Qg5 23. Be1 c5 24. Bf3 Re7 25. Bc3 Red7 26. h4 Qh6 27. Qf5
Qg6 28. Qxg6 hxg6 29. Kg2 Re7 30. Rd2 Ne4 31. Bxe4 Rxe4 32. Rad1 Re6 33. Rd5 f6
34. b4 Kf7 35. bxc5 bxc5 36. Rxc5 Bxc5 37. Rxd8 Ra6 38. Rd7+ Kg8 39. Rd2 Kh7
40. Kf3 Ra3 41. Ba1 Bb4 42. Rc2 Kh6 43. Bd4 a6 44. g4 g5 45. h5 Rd3 46. Rc8 Kh7
47. Rc7 Kh6 48. Rc4 a5 49. Rc8 Kh7 50. Rc7 Kh6 51. Rc2 Rd1 52. Rc8 Kh7 53. Bb6
Rd3 54. Rc2 Rd1 55. Bc5 Rd5 56. Bxb4 axb4 57. Rb2 Ra5 58. Ke4 Ra4 59. Kd5 b3
60. axb3 Rxg4 61. b4 Rg1 62. b5 Rd1+ 63. Ke6 g4 64. b6 Rd8 65. b7 Rb8 66. Kd6
Kh6 67. Rb5 g6 68. hxg6 Kxg6 69. Kc7 Rh8 70. Rd5 f5 71. Rd8 Rh7+ 72. Rd7 Rh8
73. Rd6+ Kg5 74. Rd8 Rh7+ 75. Rd7 Rh8 76. e4 fxe4 77. Rd5+ Kf4 78. Rd8 Rh7+ 79.
Rd7 Rh8 80. Re7 e3 81. fxe3+ Kf3 82. Rf7+ Kxe3 83. Rg7 Kf3 84. Re7 g3 85. Rf7+
Ke4 86. Kb6 g2 87. Rg7 Kf3 88. Kc7 Kf2 89. Rf7+ Kg3 90. Rg7+ Kf2 91. Rf7+ Kg3
92. Rg7+ Kf2 1/2-1/2

[Event "ICS Rated bullet match"]
[Site "204.178.125.65"]
[Date "2000.06.28"]
[Round "?"]
[White "gambiteer1"]
[Black "Hossa"]
[Result "0-1"]
[WhiteElo "1654"]
[BlackElo "2517"]
[PlyCount "46"]
[EventDate "2000.??.??"]

1. d4 Nf6 2. Bg5 Ne4 3. Bf4 d5 4. f3 Nd6 5. e4 dxe4 6. Nc3 exf3 7. Nxf3 Nd7 8.
Qd2 Nb6 9. O-O-O Nbc4 10. Qe1 Bg4 11. h3 Bf5 12. g4 Bd7 13. Bg2 h5 14. g5 g6
15. Rf1 Bg7 16. Ne5 c6 17. Nxf7 Nxf7 18. Qe2 Nb6 19. Qf3 Bf5 20. Be5 Nxe5 21.
dxe5 Qc8 22. Qxf5 gxf5 23. Rxf5 Qxf5 {gambiteer1 resigns} 0-1

[Event "ICS rated standard match"]
[Site "204.178.125.65"]
[Date "2000.06.28"]
[Round "?"]
[White "QueenMaxima"]
[Black "Hossa"]
[Result "1-0"]
[WhiteElo "2370"]
[BlackElo "2231"]
[PlyCount "73"]
[EventDate "2000.??.??"]

1. e4 e5 2. Nf3 Nc6 3. Bb5 Bc5 4. O-O Nf6 5. c3 O-O 6. d4 exd4 7. cxd4 Bb6 8.
e5 Ne4 9. Re1 Nxf2 10. Kxf2 Nxd4 11. Nxd4 Qh4+ 12. Kg1 Bxd4+ 13. Kh1 Bf2 14.
Re2 Bg3 15. Qg1 Re8 16. Nd2 Qb4 17. Bxd7 Bxd7 18. hxg3 Qg4 19. Nf3 Bb5 20. Rc2
Rxe5 21. Bf4 Rh5+ 22. Nh2 c6 23. Rc5 Qg6 24. Rxh5 Qxh5 25. Re1 b6 26. Re7 c5
27. Qe1 Bc6 28. b3 Qf5 29. Nf3 Qc2 30. Rxf7 Kxf7 31. Ng5+ Kf8 32. Bd6+ Kg8 33.
Qe6+ Kh8 34. Nf7+ Kg8 35. Nh6+ Kh8 36. Qg8+ Rxg8 37. Nf7# {Hossa checkmated}
1-0

[Event "ICS Rated standard match"]
[Site "204.178.125.65"]
[Date "2000.06.28"]
[Round "?"]
[White "Hossa"]
[Black "PostModernist"]
[Result "0-1"]
[WhiteElo "2221"]
[BlackElo "2404"]
[PlyCount "81"]
[EventDate "2000.??.??"]

1. e4 g6 2. d4 Bg7 3. Nc3 d6 4. f4 Nf6 5. Nf3 c5 6. dxc5 Qa5 7. Bd3 Qxc5 8. Qe2
O-O 9. Bd2 Be6 10. O-O-O Nh5 11. e5 dxe5 12. fxe5 Nd7 13. Rhe1 Rad8 14. Kb1 Bg4
15. Be3 Qa5 16. Bd4 Nf4 17. Qe4 Nxd3 18. Qxd3 Nxe5 19. Nxe5 Bxd1 20. Qe4 Bh5
21. Nc4 Qc7 22. Bxg7 Kxg7 23. g4 f5 24. Qxe7+ Rf7 25. Qh4 Bxg4 26. h3 Qxc4 27.
Qxd8 Bxh3 28. Qd6 Bg2 29. Qe5+ Rf6 30. Rd1 Qe6 31. Qf4 Bc6 32. Rd2 h6 33. Rd1
g5 34. Qb8 a6 35. Qd8 f4 36. Qd4 g4 37. Qd8 g3 38. Ka1 g2 39. Rg1 Qe3 40. Rxg2+
Bxg2 41. Qd7+ {Hossa resigns} 0-1

[Event "ICS Rated standard match"]
[Site "204.178.125.65"]
[Date "2000.06.28"]
[Round "?"]
[White "PostModernist"]
[Black "Hossa"]
[Result "0-1"]
[WhiteElo "2412"]
[BlackElo "2213"]
[PlyCount "104"]
[EventDate "2000.??.??"]

1. d4 Nf6 2. c4 e6 3. Nf3 b6 4. a3 Ba6 5. Qc2 Bb7 6. Nc3 c5 7. e4 cxd4 8. Nxd4
Nc6 9. Nxc6 Bxc6 10. Bf4 Bc5 11. Be2 O-O 12. Rd1 a5 13. O-O Qe7 14. e5 Nh5 15.
Bxh5 Qh4 16. g4 g6 17. Ne4 Be7 18. Bg3 Qh3 19. Bxg6 fxg6 20. Qe2 Rf7 21. f3
Raf8 22. Kh1 Bh4 23. Qg2 Qxg2+ 24. Kxg2 Bxg3 25. hxg3 Rxf3 26. Rxf3 Bxe4 27.
Rdd3 a4 28. Rde3 Bxf3+ 29. Rxf3 Rxf3 30. Kxf3 Kf7 31. Ke3 Ke7 32. g5 d6 33. Ke4
dxe5 34. Kxe5 Kd7 35. g4 Ke7 36. Ke4 Kd6 37. Kd4 e5+ 38. Ke4 Ke6 39. Kd3 Ke7
40. Ke3 Kd7 41. Kd2 Kd6 42. Ke3 Kc5 43. Kd3 e4+ 44. Kc3 e3 45. Kd3 e2 46. Kxe2
Kxc4 47. Kd2 Kd4 48. Kc2 Ke4 49. Kd2 Kf4 50. Ke2 Kxg5 51. Kf3 h5 52. gxh5 gxh5
0-1

[Event "ICS rated bullet match"]
[Site "204.178.125.65"]
[Date "2000.06.28"]
[Round "?"]
[White "Hossa"]
[Black "jo"]
[Result "1-0"]
[WhiteElo "2517"]
[BlackElo "2167"]
[PlyCount "57"]
[EventDate "2000.??.??"]

1. d4 d5 2. c4 c6 3. Nf3 dxc4 4. e4 b5 5. Nc3 Bb7 6. Bf4 a6 7. Be2 e6 8. O-O
Nf6 9. Qc2 Be7 10. Rad1 O-O 11. Ng5 h6 12. Nf3 Re8 13. Bg3 Nbd7 14. Ne5 Qc7 15.
Nxf7 Qc8 16. Nd6 Bxd6 17. Bxd6 e5 18. dxe5 Nxe5 19. f4 Nf7 20. Ba3 a5 21. e5
Nh7 22. Bh5 b4 23. Bxf7+ Kxf7 24. Ne4 bxa3 25. Nd6+ Kg8 26. Nxc8 Raxc8 27.
Qxc4+ Kh8 28. Rd7 Ba6 29. Qxa6 {jo resigns} 1-0

[Event "ICS rated blitz match"]
[Site "204.178.125.65"]
[Date "2000.06.28"]
[Round "?"]
[White "Hossa"]
[Black "TigerMilk"]
[Result "0-1"]
[WhiteElo "2411"]
[BlackElo "2535"]
[PlyCount "108"]
[EventDate "2000.??.??"]

1. d4 Nf6 2. Nd2 b5 3. e4 Bb7 4. e5 Nd5 5. Ngf3 a6 6. c4 bxc4 7. Bxc4 e6 8. O-O
Be7 9. Ne4 f5 10. Nc5 Bc6 11. Ng5 Bxc5 12. dxc5 O-O 13. Nf3 Qe7 14. Qd4 a5 15.
Bg5 Qe8 16. Qd2 Na6 17. Rac1 h6 18. Bh4 Qh5 19. Be2 Qf7 20. Nd4 g5 21. Nxc6
dxc6 22. Bxg5 hxg5 23. Qxg5+ Qg7 24. Qxg7+ Kxg7 25. Rfd1 Rfb8 26. b3 Nab4 27.
Rd2 a4 28. a3 axb3 29. axb4 Rxb4 30. Bf1 b2 31. Rb1 Ra2 32. Rc2 Rb3 33. Rd2 Nc3
34. Rd7+ Kh6 35. Rd3 Nxb1 36. Rxb3 Nd2 37. Rxb2 Rxb2 38. Bd3 Rb3 39. Bxf5 exf5
40. f4 Ne4 41. h3 Nxc5 42. Kh2 Ne4 43. g4 fxg4 44. hxg4 Rf3 45. f5 c5 46. e6
Kg5 47. e7 Nf6 48. e8=Q Nxe8 49. Kg1 Kxg4 50. Kg2 Nf6 51. Kh2 Rf2+ 52. Kh1 Kh3
53. Kg1 Kg3 54. Kh1 Rf1# {Hossa checkmated} 0-1

[Event "ICS Rated standard match"]
[Site "204.178.125.65"]
[Date "2000.06.28"]
[Round "?"]
[White "Hossa"]
[Black "QueenMaxima"]
[Result "1-0"]
[WhiteElo "2237"]
[BlackElo "2380"]
[PlyCount "137"]
[EventDate "2000.??.??"]

1. e4 e5 2. Nf3 Nc6 3. Bb5 a6 4. Bxc6 dxc6 5. d3 Bd6 6. Nc3 Nf6 7. O-O O-O 8.
d4 exd4 9. Qxd4 Ng4 10. Be3 Be6 11. Rfd1 Re8 12. Qd2 Bb4 13. Qe1 Qe7 14. a3
Nxe3 15. Qxe3 Bc5 16. Qf4 Rad8 17. e5 a5 18. Rxd8 Rxd8 19. Rf1 Qd7 20. Qc1 Bf5
21. Rd1 Qe7 22. Rxd8+ Qxd8 23. Na4 Ba7 24. Nc3 Qd7 25. Nb1 Bg6 26. Nc3 Qf5 27.
Qd2 h6 28. e6 fxe6 29. Ne1 Qf6 30. Nf3 Kh7 31. a4 Bc5 32. Kf1 Bb4 33. Kg1 c5
34. Qe3 Bxc2 35. Ne5 Qf5 36. g4 Qf6 37. Qe2 Bb3 38. Nb5 Qd8 39. Qe4+ Kg8 40.
Qf3 Qf6 41. Qe4 c6 42. Nd6 Qg5 43. f4 Qe7 44. Ndf7 Bxa4 45. g5 c4 46. gxh6 Qh4
47. hxg7 Bd2 48. Qg6 Be3+ 49. Kg2 Qf2+ 50. Kh3 Qxf4 51. Ng4 Qf5 52. Nfh6+ Bxh6
53. Qxh6 Qd3+ 54. Kh4 Qd8+ 55. Nf6+ Kf7 56. g8=Q+ Qxg8 57. Nxg8 Bd1 58. Qh7+
Kf8 59. Nh6 Ke8 60. Qf7+ Kd8 61. Qf8+ Kc7 62. Nf7 Kb6 63. Qd8+ Kb5 64. Nd6+ Ka4
65. Qb6 c3 66. Nxb7 cxb2 67. Nc5+ Ka3 68. Qxa5+ Ba4 69. Qxa4# 1-0

[Event "ICS rated blitz match"]
[Site "204.178.125.65"]
[Date "2000.06.28"]
[Round "?"]
[White "Amateur"]
[Black "Hossa"]
[Result "1-0"]
[WhiteElo "2558"]
[BlackElo "2409"]
[PlyCount "105"]
[EventDate "2000.??.??"]

1. e4 g6 2. d4 Bg7 3. Nc3 d6 4. f4 Nf6 5. Bb5+ c6 6. Be2 d5 7. exd5 cxd5 8. Nf3
O-O 9. Be3 Ng4 10. Qd2 Nxe3 11. Qxe3 Nc6 12. O-O-O Bf5 13. Rhg1 Nb4 14. Rd2 Rc8
15. g4 Qb6 16. Kb1 Rxc3 17. Qxc3 Rc8 18. Qb3 Bxc2+ 19. Rxc2 Rxc2 20. Qe3 Qc7
21. Bd1 Rc6 22. a3 Na6 23. Ba4 Rf6 24. f5 gxf5 25. gxf5 h6 26. Rg2 Qd8 27. Ne5
Qc8 28. Qg3 Qxf5+ 29. Bc2 Qf1+ 30. Ka2 Rg6 31. Nxg6 fxg6 32. Qxg6 Qf7 33. Qh7+
Kf8 34. Bg6 Qf4 35. Bh5 Qf6 36. Rc2 e6 37. Rc8+ Ke7 38. Rg8 Kd6 39. Rxg7 Qxd4
40. Rd7+ Ke5 41. Qh8+ Ke4 42. Bg6+ Ke3 43. Qxh6+ Kf2 44. Rf7+ Ke2 45. Bh5+ Kd3
46. Rf4 Nb4+ 47. axb4 Qe5 48. Rf3+ Kc4 49. Qc1+ Kxb4 50. Rb3+ Ka4 51. Qc5 Qxb2+
52. Kxb2 d4 53. Qb5# {Hossa checkmated} 1-0

[Event "ICS rated standard match"]
[Site "204.178.125.65"]
[Date "2000.06.29"]
[Round "?"]
[White "inmichess"]
[Black "Hossa"]
[Result "1-0"]
[WhiteElo "2242"]
[BlackElo "2259"]
[PlyCount "71"]
[EventDate "2000.??.??"]

1. e4 e5 2. Nf3 Nc6 3. c3 Nf6 4. d4 Nxe4 5. d5 Nb8 6. Bd3 Nc5 7. Nxe5 Nxd3+ 8.
Nxd3 d6 9. O-O Be7 10. Qf3 O-O 11. Re1 Re8 12. c4 Nd7 13. Nc3 a5 14. Bf4 a4 15.
Ne4 Nb6 16. Nd2 a3 17. b3 Bd7 18. Ne4 Bf5 19. Re3 Qd7 20. Rae1 Bg4 21. Qg3 f5
22. Nec5 dxc5 23. Ne5 Qc8 24. Nxg4 fxg4 25. Rxe7 Qd7 26. Qe3 Rxe7 27. Qxe7 c6
28. Qxc5 Re8 29. Be3 Na8 30. d6 Rd8 31. Bf4 Qf7 32. Bc1 Rf8 33. Be3 Qg6 34. d7
Rd8 35. Qe7 Rxd7 36. Qxd7 1-0

[Event "ICS Rated blitz match"]
[Site "204.178.125.65"]
[Date "2000.06.29"]
[Round "?"]
[White "Hossa"]
[Black "inmichess"]
[Result "1/2-1/2"]
[WhiteElo "2399"]
[BlackElo "2386"]
[PlyCount "183"]
[EventDate "2000.??.??"]

1. e4 e5 2. Nf3 Nc6 3. Bb5 Nge7 4. O-O a6 5. Ba4 d6 6. d4 b5 7. Bb3 Nxd4 8.
Nxd4 exd4 9. a4 Bb7 10. Qxd4 c5 11. Qe3 c4 12. Ba2 Qd7 13. axb5 axb5 14. Nc3
Ra6 15. Bd2 Ng6 16. Nd5 Be7 17. b3 Bxd5 18. exd5 O-O 19. bxc4 Rfa8 20. Qb3 bxc4
21. Qb1 Nh4 22. Kh1 Nxg2 23. Kxg2 Bf6 24. c3 Qg4+ 25. Kh1 Qe2 26. Qd1 Qxd1 27.
Rfxd1 Rxa2 28. Rab1 Rc2 29. Rb6 Rd8 30. Rc6 Bxc3 31. Bxc3 Rxc3 32. Rd4 Kf8 33.
Kg2 Rb8 34. Rxd6 Rc2 35. Rc6 Rd8 36. d6 g6 37. d7 Ke7 38. Rc7 c3 39. Rd3 f5 40.
Rh3 h5 41. Re3+ Kf7 42. Rd3 Rc1 43. Rc8 Ke7 44. Re3+ Kxd7 45. Rcxc3 Rd1 46. Rg3
Rd6 47. Rge3 Rb8 48. Ra3 Rb7 49. Ra1 Rd2 50. Ra6 f4 51. Rf3 Rd6 52. Rxd6+ Kxd6
53. Rxf4 Ke5 54. Rc4 Rb2 55. h3 Kd5 56. Ra4 Rb6 57. Ra3 Re6 58. Ra5+ Ke4 59.
Rg5 Kf4 60. h4 Rc6 61. Rg3 Rd6 62. Kh3 Rb6 63. Kg2 Ra6 64. Rb3 Re6 65. Rb5 Ke4
66. f3+ Kf4 67. Rb4+ Ke3 68. Rb7 Kd4 69. Rb8 Ke5 70. Kf2 Re7 71. Rb6 Kf5 72.
Rc6 Re5 73. Kg3 Rd5 74. Rb6 Rc5 75. Ra6 Rb5 76. Rd6 Ra5 77. Rc6 Ra1 78. Rc5+
Kf6 79. Rc2 Rd1 80. Rc6+ Ke5 81. Ra6 Kf5 82. Ra4 Re1 83. Ra7 Rg1+ 84. Kf2 Rd1
85. Ra6 Rd4 86. Kg3 Rd5 87. Rb6 Rc5 88. Rd6 Rb5 89. Rc6 Ra5 90. Rb6 Rc5 91. Rd6
Rb5 92. Rc6 1/2-1/2

[Event "ICS rated blitz match"]
[Site "204.178.125.65"]
[Date "2000.06.29"]
[Round "?"]
[White "inmichess"]
[Black "Hossa"]
[Result "0-1"]
[WhiteElo "2387"]
[BlackElo "2398"]
[PlyCount "84"]
[EventDate "2000.??.??"]

1. e4 e5 2. Nf3 Nc6 3. c3 Nf6 4. d4 Nxe4 5. d5 Ne7 6. Nxe5 Ng6 7. Nxg6 hxg6 8.
Bd3 Nf6 9. O-O Bd6 10. Re1+ Kf8 11. g3 Nxd5 12. Bxg6 Nf6 13. Bd3 Be7 14. Nd2 d5
15. Nf3 Rh5 16. Ne5 Bh3 17. Qb3 Bd6 18. Bf4 Qb8 19. c4 c5 20. Nxf7 Bxf4 21. Bg6
Bd2 22. Bxh5 Nxh5 23. Re2 Kxf7 24. Rxd2 d4 25. Re1 b6 26. Qd1 Nf6 27. Rde2 Qb7
28. Re7+ Qxe7 29. Rxe7+ Kxe7 30. b4 Kf7 31. bxc5 bxc5 32. Qa4 d3 33. f3 d2 34.
Qd1 Rd8 35. Kf2 Bf5 36. Ke3 Bc2 37. Qxd2 Rxd2 38. Kxd2 Bb1 39. a4 Ba2 40. Kc3
Nd7 41. f4 Nb6 42. Kb2 Bxc4 0-1

[Event "ICS rated bullet match"]
[Site "204.178.125.65"]
[Date "2000.06.29"]
[Round "?"]
[White "JSBach"]
[Black "Hossa"]
[Result "0-1"]
[WhiteElo "2106"]
[BlackElo "2521"]
[PlyCount "94"]
[EventDate "2000.??.??"]

1. Nf3 d5 2. d3 Nf6 3. Bf4 Nc6 4. Rg1 d4 5. Nbd2 Nd5 6. Bg5 f6 7. Bh4 e5 8. Bg3
Bc5 9. h4 Bg4 10. Nh2 Bh5 11. Qc1 O-O 12. Qd1 Nce7 13. Nhf3 Bb4 14. a3 Ba5 15.
Bh2 Qd7 16. Qc1 c5 17. Qd1 Bg4 18. a4 Nf5 19. g3 Bb4 20. Bg2 Nb6 21. a5 Nd5 22.
Rf1 Rf7 23. Qc1 Raf8 24. Qd1 Re8 25. Ng1 Nfe3 26. fxe3 Nxe3 27. Qc1 Nxg2+ 28.
Kf2 Bxd2 29. Qxd2 Ne3 30. Rfe1 Qf5+ 31. Nf3 Bxf3 32. exf3 Ng4+ 33. Kg1 Qxf3 34.
a6 bxa6 35. Rxa6 Ne3 36. Rd6 Qb7 37. b3 Nf5 38. Qa5 Nxd6 39. Qxc5 Nf5 40. Rf1
Rc8 41. Qa3 Ne3 42. Rf2 Nxc2 43. Qa2 Ne3 44. Qb1 Rfc7 45. Qe1 Rc1 46. Rf3 Qxf3
47. Qxc1 Rxc1# 0-1

[Event "ICS Rated standard match"]
[Site "204.178.125.65"]
[Date "2000.06.29"]
[Round "?"]
[White "Hossa"]
[Black "PostModernist"]
[Result "0-1"]
[WhiteElo "2256"]
[BlackElo "2388"]
[PlyCount "156"]
[EventDate "2000.??.??"]

1. e4 e5 2. Nf3 Nc6 3. Bb5 a6 4. Bxc6 dxc6 5. d3 f6 6. O-O Qd6 7. Nbd2 Be6 8.
Nb3 O-O-O 9. Be3 Qd7 10. Qe2 Bxb3 11. axb3 Bd6 12. Qd2 h5 13. Nh4 Ne7 14. Nf3
g5 15. Qa5 h4 16. b4 g4 17. Nd2 h3 18. g3 f5 19. Nc4 fxe4 20. dxe4 Ng6 21. Bg5
Rdf8 22. Nd2 Rh7 23. c3 Rhf7 24. Nc4 Rf3 25. Rad1 Qe6 26. Nxd6+ cxd6 27. b5
axb5 28. Rd2 R3f7 29. Rfd1 Rd7 30. Qa8+ Kc7 31. Qa7 Qc4 32. Be3 Qa4 33. Bb6+
Kc8 34. Ba5 b6 35. Qa6+ Kd8 36. Qxb6+ Ke8 37. Bb4 c5 38. b3 Qxb3 39. Bxc5 Qa4
40. Re1 Rf6 41. Rxd6 Rfxd6 42. Bxd6 Kf7 43. Qc6 Qa7 44. Qd5+ Kf6 45. Rf1 Qb6
46. Rd1 Qa6 47. Qd2 Qc6 48. f4 gxf3 49. Bxe5+ Nxe5 50. Qf4+ Kg6 51. Qf5+ Kh6
52. Qxh3+ Kg7 53. Rxd7+ Qxd7 54. Qxd7+ Nxd7 55. Kf2 Ne5 56. h3 Kf6 57. Ke3 Ke7
58. Kf2 Kd6 59. h4 Kc5 60. h5 Kc4 61. h6 Ng4+ 62. Kxf3 Nxh6 63. Ke2 Kxc3 64. e5
b4 65. e6 Ng8 66. Kf3 b3 67. Ke4 b2 68. Ke5 b1=Q 69. g4 Qg6 70. Kd6 Qxg4 71.
Ke5 Qd4+ 72. Kf5 Ne7+ 73. Kg5 Qf2 74. Kg4 Qe3 75. Kh4 Qg1 76. Kh5 Qg6+ 77. Kh4
Nf5+ 78. Kh3 Qg3# {Hossa checkmated} 0-1

[Event "ICS rated standard match"]
[Site "204.178.125.65"]
[Date "2000.06.29"]
[Round "?"]
[White "dilworth"]
[Black "Hossa"]
[Result "1-0"]
[WhiteElo "2439"]
[BlackElo "2246"]
[PlyCount "137"]
[EventDate "2000.??.??"]

1. e4 e5 2. Bc4 Nf6 3. d3 c6 4. Nf3 b5 5. Bb3 d6 6. Ng5 d5 7. Nf3 Bg4 8. h3
Bxf3 9. Qxf3 Bb4+ 10. c3 Be7 11. exd5 cxd5 12. O-O O-O 13. a4 bxa4 14. Bxa4 Qc7
15. Re1 Rd8 16. Na3 Bxa3 17. Rxa3 Nbd7 18. Bg5 h6 19. Bh4 Qb6 20. b4 g5 21. Bg3
Qe6 22. Bb5 e4 23. dxe4 dxe4 24. Qe2 Nb6 25. c4 Qe7 26. c5 Nbd5 27. Bc6 Nxb4
28. Bd6 Qe6 29. Bxa8 Rxa8 30. Rea1 Nc6 31. Ra6 Qd7 32. Qc4 Rc8 33. Rb1 Qe8 34.
Rb7 e3 35. fxe3 Qxe3+ 36. Kh2 Qe8 37. Qb3 Ne4 38. Qa2 Nxd6 39. cxd6 g4 40. d7
g3+ 41. Kxg3 Qe5+ 42. Kf2 Qd4+ 43. Ke2 Rd8 44. Qa4 Qe5+ 45. Kf1 Nd4 46. Qd1
Qf5+ 47. Kg1 Rxd7 48. Rxd7 Qxd7 49. Rf6 Qd5 50. Rf4 Qc4 51. Qxd4 Qc1+ 52. Rf1
Qc7 53. Qg4+ Kh8 54. Rf6 Qc5+ 55. Kh1 Qc1+ 56. Kh2 Qc7+ 57. Qg3 Qxg3+ 58. Kxg3
h5 59. Rxf7 a5 60. Ra7 Kg8 61. Kh4 Kf8 62. Kxh5 Ke8 63. g4 Kf8 64. g5 a4 65. g6
Kg8 66. Kh6 Kf8 67. Kh7 Ke8 68. g7 Kd8 69. g8=Q# 1-0

[Event "ICS rated bullet match"]
[Site "204.178.125.65"]
[Date "2000.06.29"]
[Round "?"]
[White "Hossa"]
[Black "Court"]
[Result "1-0"]
[WhiteElo "2525"]
[BlackElo "1178"]
[PlyCount "29"]
[EventDate "2000.??.??"]

1. e4 c5 2. f4 Nc6 3. Nc3 g6 4. Bc4 Bg7 5. Nf3 d6 6. O-O Nf6 7. d3 O-O 8. Be3
Bg4 9. Qd2 Bxf3 10. Rxf3 Nd4 11. Rh3 h5 12. Bf2 Qb6 13. Rb1 Rac8 14. Rg3 Qd8
15. Rxg6 1-0

[Event "ICS rated bullet match"]
[Site "204.178.125.65"]
[Date "2000.06.29"]
[Round "?"]
[White "sharkmeister"]
[Black "Hossa"]
[Result "0-1"]
[WhiteElo "1622"]
[BlackElo "2526"]
[PlyCount "54"]
[EventDate "2000.??.??"]

1. e4 e5 2. Nf3 Nc6 3. Bb5 a6 4. Bxc6 dxc6 5. O-O Qd6 6. Re1 Bg4 7. d3 O-O-O 8.
Be3 Qb4 9. Nbd2 Qxb2 10. Nc4 Bxf3 11. Qxf3 Qxc2 12. Bg5 f6 13. Rec1 Qxd3 14.
Qxd3 Rxd3 15. Be3 b6 16. Bxb6 cxb6 17. Nxb6+ Kc7 18. Na4 Rd4 19. f3 Rxa4 20.
Rc2 Rb4 21. Rac1 c5 22. h4 Bd6 23. Kh2 Ne7 24. a3 Rb3 25. Rd1 Rxa3 26. Rb2 Nc6
27. Ra1 Rxa1 0-1

[Event "ICS rated bullet match"]
[Site "204.178.125.65"]
[Date "2000.06.29"]
[Round "?"]
[White "YourCensorList"]
[Black "Hossa"]
[Result "0-1"]
[WhiteElo "1710"]
[BlackElo "2526"]
[PlyCount "38"]
[EventDate "2000.??.??"]

1. e4 e5 2. Nf3 Nc6 3. d4 exd4 4. Nxd4 Bc5 5. Be3 Qf6 6. c3 Nge7 7. Nd2 Nxd4 8.
cxd4 Bxd4 9. Nb3 Bxe3 10. fxe3 Qh4+ 11. g3 Qxe4 12. Rg1 Qxe3+ 13. Qe2 Qxg1 14.
O-O-O Qb6 15. Bh3 Qh6+ 16. Kb1 Qxh3 17. Qe3 Qe6 18. Re1 Qxe3 19. Rxe3 d5 0-1